000
00304nam a2200133Ia 4500
008
191201s2006 xx 000 0 und d
082
_a
658
_b
CHP
100
_a
CHADDA, Prem
245
0
_a
Performance Management
260
_a
N.Delhi
_b
Macmillan
_c
2006
300
_a
474
650
_a
MBA
942
_2
ddc
_c
BK
999
_c
2639
_d
2639